000 00456nam a2200193Ia 4500
005 20240823020501.0
008 240823s9999||||xx |||||||||||||| ||und||
020 _a81-7853-001-5
041 _aENGLISH
082 _A004.22 P3
100 _a"Rogerson,Dale"
245 0 _aInside COM
250 _a1st
260 _c2003
_b"WP,Ban"
_aBanglore
500 _aTRANSFERED
650 _aComputer Science
_bComputer Science
942 _cBK
999 _c174861
_d174861